ბათუმის შოთა რუსთაველის სახელმწიფო უნივერსიტეტის ბიბლიოთეკა

ფშავური კაფია (ბიბ.ჩანაწერი № 43582)

000 -LEADER
fixed length control field 00656nam a2200193Ia 4500
001 - CONTROL NUMBER
control field 10316
003 - CONTROL NUMBER IDENTIFIER
control field GE_BSU
008 - FIXED-LENGTH DATA ELEMENTS--GENERAL INFORMATION
fixed length control field 181216s||||||||xx |||||||||||||| ||und||
040 ## - CATALOGING SOURCE
Transcribing agency GE_BSU
080 ## - UNIVERSAL DECIMAL CLASSIFICATION NUMBER
Universal Decimal Classification number 821.353.1–91-1
245 ## - TITLE STATEMENT
Title ფშავური კაფია
245 ## - TITLE STATEMENT
Statement of responsibility, etc. შეადგ.გიგი ხორნაულმა.რედ.ბ.ხარანაული.მხატვ.თ.გიგაური
260 ## - PUBLICATION, DISTRIBUTION, ETC.
Place of publication, distribution, etc. თბილისი
260 ## - PUBLICATION, DISTRIBUTION, ETC.
Name of publisher, distributor, etc. საბჭოთა საქართველო
260 ## - PUBLICATION, DISTRIBUTION, ETC.
Date of publication, distribution, etc. 1969
300 ## - PHYSICAL DESCRIPTION
Extent 102გვ.ილ.20სმ.
653 ## - INDEX TERM--UNCONTROLLED
Uncontrolled term ფშავური კაფია
942 ## - ADDED ENTRY ELEMENTS (KOHA)
Koha item type წიგნი
ეგზემპლარები
Withdrawn status Lost status Damaged status Not for loan Date acquired Barcode Date last seen Price effective from Koha item type
        2018-12-17 34065 2018-12-17 2018-12-17 წიგნი
        2018-12-17 34066 2018-12-17 2018-12-17 წიგნი